000097880 001__ 97880
000097880 005__ 20201029171008.0
000097880 0247_ $$2EXP:(DE-588)$$aEXP:(DE-588)4398783-7
000097880 035__ $$aEXP:(DE-588)4398783-7
000097880 150__ $$aLarge Hadron Collider
000097880 450__ $$aLHC$$wd
000097880 5101_ $$0I:(DE-588b)4069901-8$$aCERN
000097880 750_7 $$0V:(DE-HGF)4$$2V:(DE-HGF)$$aFacility
000097880 751_7 $$2DE-HGF$$aIGN_4_I:(DE-H253)HAS-User-20120731 [DESY]
000097880 751_7 $$2DE-HGF$$aIGN_4_IMPULSE
000097880 751_7 $$2DE-HGF$$aIGN_4_DZNE [DZNE]
000097880 751_7 $$2DE-HGF$$aIGN_4_GSI [GSI]
000097880 8564_ $$uhttp://www.lhc-facts.ch/$$yHomepage
000097880 909CO $$ooai:juser.fz-juelich.de:189684$$pauthority$$pauthority:Experiment
000097880 909CO $$ooai:juser.fz-juelich.de:189684
000097880 980__ $$aEXPERIMENT
000097880 980__ $$aAUTHORITY